Southville International School and Colleges
Your cart is empty.
  • Cart
  • Lists
    Public lists Eva Luna New books Lux_list list_1
    Your lists Log in to create your own lists
  • Log in to your account
  • Your cookies
  • Search history
Southville International School and Colleges
  • Advanced search
  • Recent comments
  • Most popular
  • Libraries

Log in to your account

Log in with GOOGLE


If you do not have an external account, but do have a local account, you can still log in:

  1. Home
  2. MARC view: A randomized controlled study on the effects of a dehydrated phenolic compund of zinigiber officanele roscoe (ginger) on the blood glucose levels of alloxan-induced type I diabetic male sprague dawley rats /
Normal view MARC view ISBD view

A randomized controlled study on the effects of a dehydrated phenolic compund of zinigiber officanele roscoe (ginger) on the blood glucose levels of alloxan-induced type I diabetic male sprague dawley rats / (Record no. 296201)

[ view plain ]
MARC details
000 -LEADER
fixed length control field 00764nam a2200205Ia 4500
008 - FIXED-LENGTH DATA ELEMENTS--GENERAL INFORMATION
fixed length control field 160628s9999 xx 000 0 und d
050 ## - LIBRARY OF CONGRESS CALL NUMBER
Classification number QK 495.E9
050 ## - LIBRARY OF CONGRESS CALL NUMBER
Item number .B329 2016
100 ## - MAIN ENTRY--PERSONAL NAME
Personal name Batac, Suzane T.
245 #2 - TITLE STATEMENT
Title A randomized controlled study on the effects of a dehydrated phenolic compund of zinigiber officanele roscoe (ginger) on the blood glucose levels of alloxan-induced type I diabetic male sprague dawley rats /
245 ## - TITLE STATEMENT
Statement of responsibility, etc Suzane T. Batac, Rica G. John, Jeremy Coan A. Peñaflor, Jane M. Rafer.
260 ## - PUBLICATION, DISTRIBUTION, ETC. (IMPRINT)
Place of publication, distribution, etc Las Piñas, Philippines :
260 ## - PUBLICATION, DISTRIBUTION, ETC. (IMPRINT)
Name of publisher, distributor, etc SISC,
260 ## - PUBLICATION, DISTRIBUTION, ETC. (IMPRINT)
Date of publication, distribution, etc 2016.
300 ## - PHYSICAL DESCRIPTION
Extent 88 pages :
300 ## - PHYSICAL DESCRIPTION
Other physical details illustrations ;
300 ## - PHYSICAL DESCRIPTION
Dimensions 28 cm.
500 ## - GENERAL NOTE
General note Includes bibliographical references and appendices.
942 ## - ADDED ENTRY ELEMENTS (KOHA)
Koha item type Theses
Holdings
Withdrawn status Lost status Source of classification or shelving scheme Damaged status Home library Current library Shelving location Date acquired Source of acquisition Total Checkouts Full call number Barcode Date last seen Price effective from Koha item type
    Library of Congress Classification   South SEED-LPDH College Library South SEED-LPDH College Library South SEED-LPDH College Section 06/28/2016 Donation   QK 495.E9 .B329 2016 SSLCT0006 04/20/2017 06/28/2016 Theses

A randomized controlled study on the effects of a dehydrated phenolic compund of zinigiber officanele roscoe (ginger) on the blood glucose levels of alloxan-induced type I diabetic male sprague dawley rats /

APA

Batac S. T., .A randomized controlled study on the effects of a dehydrated phenolic compund of zinigiber officanele roscoe (ginger) on the blood glucose levels of alloxan-induced type I diabetic male sprague dawley rats. Las Piñas, Philippines: .

Chicago

Batac Suzane T, .A randomized controlled study on the effects of a dehydrated phenolic compund of zinigiber officanele roscoe (ginger) on the blood glucose levels of alloxan-induced type I diabetic male sprague dawley rats. Las Piñas, Philippines: .

Harvard

Batac S. T., .A randomized controlled study on the effects of a dehydrated phenolic compund of zinigiber officanele roscoe (ginger) on the blood glucose levels of alloxan-induced type I diabetic male sprague dawley rats. Las Piñas, Philippines: .

MLA

Batac Suzane T, .Las Piñas, Philippines: . .

  • Print
  • Cite
  • Add to your cart (remove)
  • Save record
    BIBTEX Dublin Core MARCXML MARC (non-Unicode/MARC-8) MARC (Unicode/UTF-8) MARC (Unicode/UTF-8, Standard) MODS (XML) RIS
  • More searches
    Search for this title in:
    Other Libraries (WorldCat) Other Databases (Google Scholar) Online Stores (Bookfinder.com) Open Library (openlibrary.org)

Exporting to Dublin Core...

SOUTHVILLE LIBRARY

Southville International School and Colleges Library

1281 Tropical Ave. Cor. Luxembourg St., BF Homes International, Las Pinas City

Tel. No. 8256374 / 252358 Loc. 117/146

Powered by Koha